SAYONARA de Álvaro Díaz - Estadísticas

Estadísticas generales
  • Esta prueba ha sido intentada 643 veces
  • La puntuación promedio es 14 de 20
Estadísticas de respuestas
Hint Feat. Respuesta % Correcto
SAYONARA - TE VI EN MIS PESADILLAS
86%
SAYONARA ft. paopao EN PR NO HACE FRÍO
82%
SAYONARA ft. Sen Senra 1000CANCIONES
81%
SAYONARA ft. Rauw Alejandro BYAK
79%
SAYONARA ft. Nsqk MAMI 100PRE SABE (INTERLUDE)
79%
SAYONARA ft. Quevedo QUIZÁS SI QUIZÁS NO
78%
SAYONARA ft. Feid GATITAS SANDUNGUERAS VOL. 1
75%
SAYONARA - KAWA
73%
SAYONARA ft. Young Cister SIN PODERES
73%
SAYONARA ft. ARON FUNERAL
70%
SAYONARA ft. Mora A MI NOMBRE
68%
SAYONARA ft. Tainy FATAL FANTASSY
67%
SAYONARA - PLN
61%
SAYONARA - LENTITO
60%
SAYONARA - GOLDEN GUN
58%
SAYONARA - YOKO
58%
SAYONARA - QUIÉN TE QUIERE COMO EL NENE
57%
SAYONARA - NO LLORES SI ME VOY
56%
SAYONARA - MAJIN BUU
54%
SAYONARA - RAMONA FLOWERS
52%
No se encontraron pruebas coincidentes
Distribución de puntuación
Porcentaje de gente con cada puntuación
Porcentaje por número respondido
Historial de tus puntuaciones
No has intentado esta prueba.